Fundamentos del corte de metales y de las máquinas herramientas
| Main Author: | |
|---|---|
| Format: | Section = Libro |
| Language: | Undetermined Spanish |
| Published: |
México
McGraw-Hill
1978
|
| Subjects: |
| LEADER | 00539nam a2200193Ia 4500 | ||
|---|---|---|---|
| 008 | 240829s9999 xx 000 0 und d | ||
| 020 | |a 968-6046-58-5 | ||
| 040 | |a BIBLIOTECA-RUPAP 621.9 B725 | ||
| 041 | |a spa | ||
| 082 | |a 621.9 B725 | ||
| 100 | 1 | |a Boothroyd, Geoffrey | |
| 245 | 1 | 0 | |a Fundamentos del corte de metales y de las máquinas herramientas |
| 260 | |a México |b McGraw-Hill |c 1978 | ||
| 300 | |a 352 p. :il. | ||
| 650 | 7 | |a MAQUINAS HERRAMIENTAS | |
| 650 | 7 | |b METALES - CORTE. I. Tít. | |
| 942 | |c BK |2 ddc | ||
| 991 | |a TEXTO | ||
| 999 | |c 9369 | ||